| 000 | 00639cam a2200181 a 4500 | ||
|---|---|---|---|
| 020 | _a0632041420 (pbk. : alk. paper) | ||
| 082 | 0 | 0 |
_a624.068 _bFRY _cL-40,p-34 |
| 100 | 1 |
_aFryer, Barry G. _931878 |
|
| 245 | 1 | 4 |
_aThe practice of construction management / _cBarry Fryer, with contributions from Marilyn Fryer. |
| 250 | _a2nd ed. | ||
| 260 |
_aOxford ; _aCambridge, Mass., USA : _bBlackwell Science, Ltd., _c1997. |
||
| 300 |
_aix, 294 p. : _bill. ; _c25 cm. |
||
| 526 |
_a0 _b0 _c0 _d624_068000000000000_FRY |
||
| 650 | 0 |
_aConstruction industry _xManagement. _9806 |
|
| 650 | 0 |
_aMCE _9379 |
|
| 700 | 1 |
_aFryer, Marilyn. _931879 |
|
| 942 |
_2ddc _cBK |
||
| 999 |
_c541834 _d541834 |
||